Viento del este (Record no. 66895)

MARC details
000 -LEADER
campo de control de longitud fija 01110nam a2200313 i 4500
001 - NÚMERO DE CONTROL
campo de control 66895
003 - IDENTIFICADOR DE NÚMERO DE CONTROL
campo de control ES-MaACL
005 - FECHA Y HORA DE LA ÚLTIMA TRANSACCIÓN
campo de control 20230906165901.0
007 - CAMPO FIJO DE DESCRIPCIÓN FÍSICA--INFORMACIÓN GENERAL
campo de control de longitud fija t|
008 - DATOS DE LONGITUD FIJA--INFORMACIÓN GENERAL
campo de control de longitud fija 020416s2002 sp ||||0| spa d
020 ## - NÚMERO INTERNACIONAL ESTÁNDAR DEL LIBRO
Número Internacional Estándar del Libro 84-923271-6-2
040 ## - FUENTE DE CATALOGACIÓN
Centro catalogador/agencia de origen M-BN
Lengua de catalogación spa
Centro/agencia transcriptor M-BN
080 ## - NÚMERO DE LA CLASIFICACIÓN DECIMAL UNIVERSAL
Número de la Clasificación Decimal Universal 75.036(497.2)(083.824)
080 ## - NÚMERO DE LA CLASIFICACIÓN DECIMAL UNIVERSAL
Número de la Clasificación Decimal Universal 73.036(497.2)(083.824)
245 00 - MENCIÓN DEL TÍTULO
Título Viento del este
Resto del título : seis propuestas de arte /
Mención de responsabilidad, etc. Nikola Dimitrov ... [et al.].
260 ## - PUBLICACIÓN, DISTRIBUCIÓN, ETC.
Lugar de publicación, distribución, etc. [Madrid :
Nombre del editor, distribuidor, etc. Junta Municipal de Retiro,
Fecha de publicación, distribución, etc. 2002]
300 ## - DESCRIPCIÓN FÍSICA
Extensión 142 p. :
Otras características físicas principalmente il. ;
Dimensiones 29 cm.
500 ## - NOTA GENERAL
Nota general Exposición: Centro Cultural Casa de Vacas, Madrid, enero-febrero 2002.
500 ## - NOTA GENERAL
Nota general Textos en español y traducción en inglés.
650 14 - PUNTO DE ACCESO ADICIONAL DE MATERIA--TÉRMINO DE MATERIA
Término de materia o nombre geográfico como elemento de entrada Pintura búlgara-
Subdivisión cronológica S.XX-
Subdivisión de forma Exposiciones.
9 (RLIN) 16021
650 14 - PUNTO DE ACCESO ADICIONAL DE MATERIA--TÉRMINO DE MATERIA
Término de materia o nombre geográfico como elemento de entrada Escultura búlgara-
Subdivisión cronológica S.XX-
Subdivisión de forma Exposiciones.
9 (RLIN) 12433
655 #7 - TERMINO DE INDIZACIÓN--GENERO/FORMA
Fuente del término tgfbne
9 (RLIN) 193628
Datos o término principal de género/forma Catálogos de exposiciones
700 1# - ENTRADA AGREGADA--NOMBRE PERSONAL
Nombre de persona Dimitrov, Nikola.
9 (RLIN) 44827
710 2# - ENTRADA AGREGADA--NOMBRE DE ENTIDAD CORPORATIVA
Nombre de entidad corporativa o nombre de jurisdicción como elemento de entrada Centro Cultural Casa de Vacas.
9 (RLIN) 2575
852 ## - LOCALIZACIÓN
Ubicación ES-MaACL
Número de control de estantería L-27381
Sublocalización o colección R.133241
942 ## - ELEMENTOS DE ENTRADA SECUNDARIOS (KOHA)
Fuente del sistema de clasificación o colocación Clasificación decimal universal
Holdings
Estatus retirado Estado de pérdida Estado de daño No para préstamo Biblioteca de origen Biblioteca actual Ubicación en estantería Fecha de adquisición Fuente de adquisición Total de préstamos Signatura topográfica completa Código de barras Visto por última vez Precio de reemplazo Tipo de ítem Koha
        Biblioteca del Ateneo de Madrid Biblioteca del Ateneo de Madrid Depósito 2 17/01/2008     L-27381 1070065 23/02/2023 23/02/2023 Libro impreso